logo

Bir Sreshtho Munshi Abdur Rouf Library
Jhenaidah Cadet College

An autobiography : (Record no. 8809)

MARC details
000 -LEADER
fixed length control field 01188pam a2200325 a 4500
001 - CONTROL NUMBER
JCCL Control Number 8809
003 - CONTROL NUMBER IDENTIFIER
JCCL marc code BD-JhCC
005 - DATE AND TIME OF LATEST TRANSACTION
control field 20180304112756.0
008 - FIXED-LENGTH DATA ELEMENTS--GENERAL INFORMATION
fixed length control field 930421r19931957mau 001 0aeng
020 ## - INTERNATIONAL STANDARD BOOK NUMBER
International Standard Book Number 0807059099 :
Terms of availability $10.95
035 ## - SYSTEM CONTROL NUMBER
system control number (BD-JhCC)8809
040 ## - CATALOGING SOURCE
Original cataloging agency DLC
Transcribing agency DLC
Modifying agency DLC
-- BD-JhCC
041 ## - LANGUAGE CODE
Language code of Book eng
050 00 - LIBRARY OF CONGRESS CALL NUMBER
Classification number DS481.G3
Item number A3 1993
082 00 - DEWEY DECIMAL CLASSIFICATION NUMBER
Classification number 954.03/5/092
-- B
DDC Edition number 20
Author mark and Year GAN 1993
100 0# - MAIN ENTRY--PERSONAL NAME
Personal name Gandhi,
Titles and other words associated with a name Mahatma,
Dates associated with a name 1869-1948.
240 10 - UNIFORM TITLE
Uniform title Satyanā prayogo athavā ātmakathā.
245 13 - TITLE STATEMENT
Title An autobiography :
Remainder of title the story of my experiments with truth /
Statement of responsibility, etc Mohandas K. Gandhi ; translated from the original in Gujarati by Mahadev Desai ; with a foreword by Sissela Bok.
260 ## - PUBLICATION, DISTRIBUTION, ETC. (IMPRINT)
Place of publication, distribution, etc Boston :
Name of publisher, distributor, etc Beacon Press,
Date of publication, distribution, etc c1993.
300 ## - PHYSICAL DESCRIPTION
Pagination xxix, 528 p. ;
Dimensions 21 cm.
500 ## - GENERAL NOTE
General note Cover title: Gandhi, an autobiography.
500 ## - GENERAL NOTE
General note Includes index.
500 ## - GENERAL NOTE
General note Originally published: 1957.
600 00 - SUBJECT ADDED ENTRY--PERSONAL NAME
Personal name Gandhi,
Titles and other words associated with a name Mahatma,
Dates associated with a name 1869-1948.
650 #0 - SUBJECT ADDED ENTRY--TOPICAL TERM
Topical term or geographic name as entry element Statesmen
Geographic subdivision India
General subdivision Biography.
700 1# - ADDED ENTRY--PERSONAL NAME
Personal name Desai, Mahadev H.
Fuller form of name (Mahadev Haribhai),
Dates associated with a name 1892-1942.
856 42 - ELECTRONIC LOCATION AND ACCESS
Materials specified Publisher description
Uniform Resource Identifier http://www.loc.gov/catdir/description/hm031/93019758.html
942 ## - ADDED ENTRY ELEMENTS (KOHA)
Source of classification or shelving scheme Dewey Decimal Classification
Koha item type Books
Holdings
Source of classification or shelving scheme Damaged status Not for loan Home library Current library Shelving location Total Checkouts Full call number Barcode Date last seen Copy number Koha item type
Dewey Decimal Classification     JCC Rouf Library JCC Rouf Library General Stacks   954.03/5/092 GAN 1993 11776 03/04/2018 C - 1 Books

JCC Library | Contacts | JCC Home

Last Update on 23 September 2017
Copyright @ 2017-2020 JCC Rouf Library
Rouf Library, Jhenidah Cadet College (JCC), Bangladesh